PROSE OF SPRIT AND ACTION 4 (Record no. 370922)

MARC details
000 -LEADER
fixed length control field 00382nam a2200145Ia 4500
008 - FIXED-LENGTH DATA ELEMENTS--GENERAL INFORMATION
fixed length control field 100122s9999 xx 000 0 und d
082 ## - DEWEY DECIMAL CLASSIFICATION NUMBER
Item number 34569
Classification number 808.8
100 ## - MAIN ENTRY--PERSONAL NAME
Personal name SMYTH W M
245 ## - TITLE STATEMENT
Title PROSE OF SPRIT AND ACTION 4
260 ## - PUBLICATION, DISTRIBUTION, ETC. (IMPRINT)
Name of publisher, distributor, etc EDWARD ARNOLD PUB LTD
Date of publication, distribution, etc 1964
300 ## - PHYSICAL DESCRIPTION
Extent 171
630 ## - SUBJECT ADDED ENTRY--UNIFORM TITLE
Uniform title PROSE OF SPRIT AND ACTION 4
730 ## - ADDED ENTRY--UNIFORM TITLE
Uniform title PROSE OF SPRIT AND ACTION 4
942 ## - ADDED ENTRY ELEMENTS (KOHA)
Koha item type Book
Holdings
Withdrawn status Lost status Damaged status Not for loan Home library Current library Date acquired Cost, normal purchase price Total Checkouts Full call number Barcode Date last seen Cost, replacement price Price effective from Koha item type Public note
        S.V. Pathak Library, Vile Parle S.V. Pathak Library, Vile Parle 06/29/1983 10.00   34569 SVPPARLE-34569 01/25/2010 10.00 01/25/2010 Book ", , , NA"